[Event "CAT-chT Honor Division 2019"]
[Site "Catalonia"]
[Date "2019.03.02"]
[Round "7.3"]
[White "Peralta, Fernando"]
[Black "Rizouk, Aimen"]
[Result "1-0"]
[WhiteElo "2580"]
[BlackElo "2441"]
[Annotator "TA"]
[PlyCount "91"]
[EventDate "2019.01.16"]
[EventType "team-tourn"]
[EventCountry "ESP"]
[SourceTitle "playchess.com"]
[Source "ChessBase"]
[SourceQuality "1"]
[WhiteTeam "BCN"]
[BlackTeam "Barbera"]

{[%evp 23,91,16,7,12,12,10,42,45,25,29,103,96,93,93,167,110,204,208,127,124,114,87,163,91,188,187,187,187,181,189,181,177,154,163,220,162,416,187,193,193,192,192,499,247,421,237,220,225,341,341,331,326,502,691,1118,884,2272,2242,2242,1981,5189,2005,29961,6612,29974,29975,29970,29968,6103,5909]} 1. d4 Nf6 2. c4 e6 3. Nf3 b6 4. a3 Bb7 5. Nc3 d5 6. Qc2 Be7 7. cxd5 Nxd5 8. Bd2 c5 {E12: Queen's Indian: Unusual White 4th moves, 4 a3, 4 Nc3 Bb7 5 a3 and 4 Nc3 Bb7} 9. dxc5 Bxc5 10. e4 Nxc3 11. Bxc3 O-O 12. Rd1 Qc7 {LiveBook: 7 Games} 13. b4 Be7 14. Qb2 {[#]} Qf4 $146 ({Predecessor:} 14... f6 15. Bd3 Rc8 16. Rc1 Qd8 17. Ke2 Qe8 18. Qb3 Bd6 {1-0 (57) Bareev,E (2719)-Wahls,M (2580) Germany 2002}) 15. Bxg7 Qxe4+ 16. Be2 Rc8 (16... Rd8 $1 $11) 17. Bc3 $16 Bd5 18. O-O $1 Nc6 ({Don't blunder} 18... Rxc3 $2 19. Qxc3 Nd7 20. Qc7 $18) (18... Qg6 $16) 19. Rfe1 (19. b5 $18 Na5 20. Rd4) 19... Qf5 (19... Qg6 $16 {was worth a try.}) 20. Bd3 $18 Qh5 21. Be4 {Threatens to win with Bxd5.} Rd8 22. Rc1 Rac8 {[#]} (22... Bf8 $16) 23. h3 (23. b5 $1 $18 {[%cal Rb5c6]} Bxe4 24. Rxe4) 23... b5 (23... Bf8 $16 {was called for.}) 24. Bxd5 Qxd5 {[#]} 25. Bh8 $1 {[%csl Gh8][%cal Rb2g7]} e5 26. Nxe5 Nxe5 27. Rxc8 ({Avoid the trap} 27. Rxe5 $2 Rxc1+ 28. Qxc1 Qd1+ 29. Qxd1 Rxd1+ 30. Kh2 Bd6 $19) 27... Rxc8 28. Bxe5 Bf8 (28... a6 {keeps fighting.} 29. Qe2 Rc6 30. Qg4+ Rg6 31. Qc8+ Bf8) 29. f4 $40 {[%mdl 128] White is out for blood.} Re8 $2 (29... Qd3 30. Qf2 Rc2) 30. Qf2 (30. Re3 $142 {White threatens Rg3+ and mate.} Qd1+ 31. Kh2) 30... Re6 31. Qxa7 f6 32. Bc3 Rc6 $2 (32... Rxe1+ 33. Bxe1 Bd6) 33. Qe3 (33. Re3 $142 Qd1+ 34. Kh2) 33... Qb3 $2 (33... Rd6 34. Bb2 Qd3) 34. Bd4 (34. Qg3+ $142 Kf7 35. Qd3) 34... Qxe3+ 35. Rxe3 {[%mdl 4096] Endgame KRB-KRB} Rc1+ (35... Rd6 $142) 36. Kf2 Kf7 37. Rc3 Rxc3 (37... Rd1 $142 38. Ke3 Bd6) 38. Bxc3 {KB-KB} f5 39. g4 {[%cal Bg2g4,Bg4g5][%mdl 32]} Ke6 40. g5 Kd5 41. Ke3 Kc4 42. Bf6 (42. Bd4 $142 Kb3 43. h4 Kxa3 44. h5 Kxb4 45. Kd3) 42... Kd5 43. h4 {[%cal Bh3h4,Bh4h5,Bh5h6][%mdl 32]} Bd6 44. h5 Ke6 45. h6 Kf7 46. Be5 {Precision: White = 59%, Black = 20%.} 1-0

[Event "CAT-chT Honor Division 2019"]
[Site "Catalonia"]
[Date "2019.03.02"]
[Round "7.3"]
[White "Pogorelov, Ruslan"]
[Black "Adel Lahchaichi, Oussama"]
[Result "1-0"]
[WhiteElo "2338"]
[BlackElo "2308"]
[Annotator "TA"]
[PlyCount "131"]
[EventDate "2019.01.16"]
[EventType "team-tourn"]
[EventCountry "ESP"]
[SourceTitle "playchess.com"]
[Source "ChessBase"]
[SourceQuality "1"]
[WhiteTeam "Escola Salou"]
[BlackTeam "Lleida"]

{[%evp 19,131,0,6,0,47,47,49,23,162,170,196,123,143,14,30,-5,163,168,156,161,137,89,80,76,110,76,99,0,99,0,8,0,0,0,0,-653,105,74,73,0,270,262,246,245,318,189,214,190,170,129,200,200,260,260,260,260,245,254,248,236,245,247,218,170,194,197,297,302,290,292,285,105,143,145,439,439,439,439,441,422,1052,990,970,856,1126,1092,1295,983,1045,9272,5871,5527,5527,2572,2020,1395,29967,29969,29968,29969,6444,10186,29974,29975,29978,29976,29979,29980,29980,29981,29981,29982,29983,29984]} 1. c4 Nf6 2. Nf3 c6 3. Nc3 d5 4. e3 e6 5. Qc2 Nbd7 6. b3 Bd6 7. Be2 Qe7 8. O-O b6 9. d4 Bb7 10. Bb2 O-O 11. e4 {D45: Semi-Slav: 5 e3} (11. Rfd1 Rfe8 12. Rac1 Rac8 13. Bf1 c5 14. cxd5 exd5 15. dxc5 bxc5 16. Qf5 Qe6 17. Bd3 Ne5 18. Ng5 Qe7 19. Bb5 h6 20. Nf3 Nxf3+ 21. gxf3 {½-½ (81) Laznicka,V (2662)-Gelfand,B (2703) Novy Bor 2018}) 11... e5 12. dxe5 Nxe5 13. Nd4 $146 {White is slightly better.} ({Predecessor:} 13. exd5 cxd5 14. Nxd5 Nxd5 15. cxd5 Bxd5 16. Rfe1 Bxf3 17. Bxf3 Nxf3+ 18. gxf3 Qg5+ {0-1 (60) Jappinen,E (1768)-Crevatin,L (2030) Uppsala 2016}) 13... Neg4 (13... g6 $11 {and Black is okay.}) 14. Nf5 $1 $18 {[%cal Rf5e7]} Bxh2+ 15. Kh1 Qc7 16. f3 {[#]} ({White should play} 16. g3 $16) 16... Bg1 $1 $11 {[%csl Gg1,Gg4][%cal Rc7h2][%mdl 512]} 17. e5 (17. Rxg1 Qh2#) 17... Ne3 $2 (17... Qxe5 $11 {and Black stays safe.} 18. f4 Qe6 19. cxd5 (19. Kxg1 g6 $15) 19... cxd5 20. Kxg1 (20. Rxg1 Nf2+ 21. Kh2 d4 $15) 20... g6) 18. Nxe3 $18 Bxe3 19. Nd1 ({But not} 19. exf6 $6 Qf4 $16) 19... Bc5 {...Nh5 is the strong threat.} 20. b4 Bxb4 21. exf6 Qf4 22. fxg7 Rfe8 23. Bd3 (23. Nf2 $16 {Threatens to win with Ng4.} Qh4+ 24. Nh3) 23... Qh4+ $11 24. Kg1 {Hoping for cxd5.} Bd6 $1 {[#] ( -> ...Qh2+)} 25. f4 $1 {Strongly threatening cxd5.} Bc5+ $1 (25... Bxf4 26. Rxf4) 26. Nf2 Re6 $1 {[%cal Re6h6] And now ...Rh6 would win.} 27. Rfe1 $2 {[%mdl 8192]} (27. Bf5 $11 Rh6 28. Bh3) 27... Rae8 $2 ({Black should try} 27... Rh6 $19 {[%csl Gh6][%cal Rh4h1]} 28. Kf1 Qxf4) 28. Rxe6 Rxe6 {[#]} 29. Kf1 (29. Bf5 $1 $16 {[%cal Rf5e6]} Rh6 30. Bh3) 29... d4 $2 {[%mdl 8192]} (29... Ba6 $1 $11 {and Black has nothing to worry.} 30. Rd1 Re3) 30. Re1 $18 Rxe1+ 31. Kxe1 Qxf4 32. Bxh7+ Kxg7 33. Bd3 Bc8 34. Qe2 Be6 (34... Bd6 $16 35. Kd1 c5) 35. Qe4 Qxe4+ 36. Nxe4 (36. Bxe4 Bb4+ 37. Kd1 c5 $16) 36... Bb4+ 37. Kf2 c5 38. a3 Ba5 39. Kf3 f5 {[#]} 40. Nd6 $1 Kf6 41. Nb5 a6 42. Nc7 Bc8 (42... Bd2 $142 43. Nxe6 (43. Nxa6 Ke5 $16) 43... Kxe6) 43. Nd5+ Ke5 44. Bc1 Bb7 {...b5 would now be nice for Black.} 45. Bf4+ Ke6 46. Kf2 {aiming for Nc7+.} Bxd5 $4 {[%mdl 8192]} (46... b5 $16 {was necessary.}) 47. cxd5+ {[%mdl 64] Discovered Attack} Kxd5 48. Bxf5 b5 49. g4 Bc3 (49... Bd8 $142 50. g5 Be7) 50. g5 d3 51. Bxd3 c4 52. Bf5 a5 53. Ke2 Bb2 54. g6 (54. Bd2 $142 c3 55. Be3 Bxa3 56. Kd3) 54... Bg7 55. Bc7 b4 56. a4 {[%cal Ba3a4,Ba4a5,Ba5a6][%mdl 32]} b3 57. Bxa5 c3 58. Kd3 c2 59. Bd2 Ke5 60. Bd7 Kf6 61. a5 {White mates.} Kxg6 62. a6 Bd4 63. Ba4 Ba7 64. Bxb3 Kf5 65. Bxc2 Ke6 66. Be3 {Accuracy: White = 66%, Black = 32%.} 1-0

[Event "CAT-chT Honor Division 2019"]
[Site "Catalonia"]
[Date "2019.03.02"]
[Round "7.4"]
[White "Alonso Moyano, Jonathan"]
[Black "Asis Gargatagli, Hipolito"]
[Result "0-1"]
[WhiteElo "2374"]
[BlackElo "2529"]
[Annotator "TA"]
[PlyCount "96"]
[EventDate "2019.01.16"]
[EventType "team-tourn"]
[EventCountry "ESP"]
[SourceTitle "playchess.com"]
[Source "ChessBase"]
[SourceQuality "1"]
[WhiteTeam "Barbera"]
[BlackTeam "BCN"]

{[%evp 16,96,12,0,4,6,8,10,8,0,6,0,0,0,0,0,0,-6,0,0,0,-9,-7,-16,-20,-12,-6,-8,-5,-19,0,-8,-8,-12,0,0,0,-32,-24,-50,-66,-116,-114,-148,-143,-133,-139,-130,-160,-3268,-3020,-2522,-2268,-2464,-3228,-5714,-2420,-5663,-5505,-5668,-5663,-29980,-29981,-29981,-29979,-29982,-29983,-29984,-29985,-29985,-29986,-29986,-29987,-29987,-29988,-29989,-29990,-29990,-29991,-29994,-29995,-29995,-378]} 1. e4 e5 2. Nc3 Nf6 3. Bc4 Bc5 4. d3 O-O 5. Nf3 Nc6 6. O-O a6 7. a3 h6 8. Be3 d6 9. h3 Re8 {C50: Hungarian Defence and Giuoco Pianissimo} (9... Bxe3 10. fxe3 Be6 11. Bxe6 fxe6 12. d4 exd4 13. exd4 e5 14. dxe5 Nxe5 15. Qd4 Ng6 16. Rad1 Kh8 17. e5 dxe5 18. Qc5 b6 19. Rxd8 bxc5 20. Rxa8 Rxa8 {½-½ (49) Motylev,A (2680)-Harikrishna,P (2646) Minneapolis 2005}) 10. Qd2 Be6 11. Bxe6 Rxe6 {The position is equal.} 12. Nd5 Re8 $146 ({Predecessor:} 12... Nd7 13. b4 Ba7 14. c3 Ne7 15. Bxa7 Rxa7 16. d4 Nxd5 17. exd5 {1-0 (60) Vaishali,R (2272)-Pham,L (2331) Chengdu 2017}) 13. b4 (13. Bxc5 {feels hotter.} dxc5 14. Ne3 Qd6 15. Rad1 Qe6 16. Nf5) 13... Nxd5 14. exd5 Bxe3 15. fxe3 Ne7 16. e4 Ng6 17. g3 Qd7 18. Kg2 Rf8 19. Nh2 c6 20. c4 cxd5 21. cxd5 Rac8 22. Ng4 f5 23. exf5 Rxf5 24. Ne3 Rff8 (24... Rg5 {is interesting.} 25. Kh2 Rh5 26. g4 Rg5 27. Ng2 Qb5) 25. Rxf8+ Rxf8 26. Rc1 Ne7 27. h4 Nf5 28. Rf1 Nxe3+ 29. Qxe3 Rxf1 30. Kxf1 $17 {[%mdl 4096] Endgame KQ-KQ} Qf7+ 31. Qf2 Qxd5 32. Qf5 $2 {[#]} (32. Qe3 $17) 32... Qf7 $1 $19 {[%cal Rf7f5]} 33. Qxf7+ Kxf7 {KP-KP} 34. Kf2 h5 35. Kf3 Ke6 (35... b5 $142 36. g4 hxg4+ 37. Kxg4 Kf6) 36. g4 g6 37. gxh5 gxh5 38. Ke4 d5+ {Black mates.} 39. Ke3 Kf5 40. Kf3 b5 41. Kg3 d4 42. Kf3 e4+ 43. dxe4+ Ke5 44. Ke2 Kxe4 45. Kd2 d3 46. Kd1 Ke3 47. Ke1 d2+ 48. Kd1 Kd3 {Accuracy: White = 38%, Black = 70%.} 0-1

[Event "CAT-chT Honor Division 2019"]
[Site "Catalonia"]
[Date "2019.03.02"]
[Round "7.4"]
[White "Sole Pijuan, Ferran"]
[Black "Mellado Trivino, Juan"]
[Result "1-0"]
[WhiteElo "2180"]
[BlackElo "2365"]
[Annotator "TA"]
[PlyCount "103"]
[EventDate "2019.01.16"]
[EventType "team-tourn"]
[EventCountry "ESP"]
[SourceTitle "playchess.com"]
[Source "ChessBase"]
[SourceQuality "1"]
[WhiteTeam "Lleida"]
[BlackTeam "Escola Salou"]

{[%evp 9,103,64,72,19,122,44,50,62,162,175,159,176,250,88,100,118,129,104,120,111,160,154,187,55,224,220,258,252,345,351,339,342,350,351,348,348,342,341,357,355,355,362,367,351,360,369,348,341,358,352,391,373,372,372,422,372,375,372,569,570,581,568,565,562,535,403,408,367,411,411,485,473,585,568,604,604,884,839,816,900,874,860,812,780,676,649,1923,1855,1765,1771,1765,1644,1158,1071,1466,1279]} 1. d4 d5 2. c4 e5 3. dxe5 d4 4. Nf3 Nc6 5. Nbd2 Bg4 6. h3 {D08: Albin Counter Gambit} (6. a3 $16) (6. g3 f6 7. Qb3 Rb8 8. exf6 Nxf6 9. Bg2 Bc5 10. Qb5 Qe7 11. Nb3 Bb4+ 12. Bd2 Bxd2+ 13. Nbxd2 a6 14. Qb3 {1-0 (30) Grischuk,A (2766)-Nepomniachtchi,I (2757) chess.com INT 2018}) 6... Be6 (6... Bxf3 $1 $11 7. Nxf3 (7. gxf3 Qg5 $11) 7... Bb4+ 8. Bd2 Qe7) 7. Nb3 $146 (7. a3 $16) ({Predecessor:} 7. g3 Qd7 8. Bg2 h6 9. h4 Nge7 10. O-O O-O-O 11. b3 Ng6 12. a3 Bh3 13. Re1 Bxg2 14. Kxg2 Ngxe5 15. Nxe5 Nxe5 {0-1 (32) Cilia Vincenti,D (2108)-Torok,T (2109) Budapest 2008}) 7... Bxc4 $14 8. Nbxd4 {White is slightly better.} Qd5 ({Better is} 8... Nxd4 $14 9. Qxd4 (9. Nxd4 Qd5 $14) 9... Qxd4 10. Nxd4 f6) 9. Nxc6 $18 Qxc6 10. Bd2 O-O-O {[#]} (10... Qa6 $142 11. Qc2 Ne7) 11. Qc2 $2 (11. Rc1 $1 $18 {is the precise move to win.}) 11... Bd5 12. Qxc6 Bxc6 13. Bc3 Bc5 14. Ng5 {Threatens to win with b4.} Rf8 15. e6 Nf6 16. f3 ({Don't do} 16. Nxf7 Rhg8 $16) (16. exf7 Bd5 $16) (16. Rc1 $18) 16... Bd5 $2 (16... Nh5 $14) 17. Nxf7 Rhg8 {[#]} 18. e4 $1 {[%cal Re4d5]} Rxf7 19. exf7 ({Don't play} 19. exd5 Re7) 19... Bxf7 20. b3 Nh5 21. Be5 Bb4+ 22. Kf2 Bc5+ 23. Ke2 g5 24. Rc1 Bb6 25. g4 Re8 26. Bh2 ({Weaker is} 26. gxh5 Rxe5 27. h4 g4 $18) 26... Nf4+ 27. Bxf4 gxf4 28. Ke1 Ba5+ 29. Kf2 Rd8 {If only Black now had time for ...Rd2+....} 30. Rc2 Bb6+ 31. Kg2 Be3 32. Be2 c6 33. Rd1 Re8 (33... Rxd1 {might work better.} 34. Bxd1 Kd7) 34. Bc4 Bg6 35. h4 Re7 36. h5 Be8 37. Rc3 Kc7 38. Be2 a5 39. a4 Kb6 40. Rd6 {White is clearly winning.} Bf7 41. Bc4 Kc5 42. Rdd3 Kb4 43. Bxf7 Rxf7 44. Rxe3 fxe3 45. Rxe3 {[%mdl 4096] Endgame KR-KR} Kc5 46. e5 Kd4 47. Re1 b5 48. axb5 cxb5 49. e6 Re7 50. f4 Kd5 51. Re5+ Kd4 52. Rxb5 {Accuracy: White = 69%, Black = 31%.} 1-0

[Event "CAT-chT Honor Division 2019"]
[Site "Catalonia"]
[Date "2019.03.02"]
[Round "7.5"]
[White "Milliet, Sophie"]
[Black "Hernandez, Cristian Andres"]
[Result "1-0"]
[WhiteElo "2391"]
[BlackElo "2320"]
[Annotator "TA"]
[PlyCount "131"]
[EventDate "2019.01.16"]
[EventType "team-tourn"]
[EventCountry "ESP"]
[SourceTitle "playchess.com"]
[Source "ChessBase"]
[SourceQuality "1"]
[WhiteTeam "BCN"]
[BlackTeam "Barbera"]

{[%evp 15,131,48,70,31,92,36,45,43,40,34,229,32,226,0,52,69,56,42,57,57,57,51,67,12,16,0,133,95,97,94,113,106,99,85,80,83,140,104,105,105,103,102,111,82,109,56,81,30,84,75,87,89,94,83,74,41,47,39,46,0,27,-75,-75,-75,-75,-74,-75,-72,-73,-72,-72,-81,-14,-20,0,0,0,-8,-8,-8,-8,-8,-8,-80,-8,-8,0,0,0,0,0,0,0,0,0,0,0,-8,0,0,0,0,0,0,0,0,29983,29984,29984,29985,29985,29986,29986,29986,29986,29987,29987,29987]} 1. e4 c5 2. Nf3 d6 3. d4 Nf6 4. dxc5 Nxe4 5. cxd6 Nc6 6. Be3 {B53: Sicilian: 2...d6: Lines with Qxd4} (6. Bd3 Nxd6 7. O-O g6 8. Re1 Bg7 9. c3 O-O 10. h3 Bf5 11. Bxf5 Nxf5 12. Nbd2 Qc7 13. Ne4 Rad8 14. Qe2 b6 15. g4 Nd6 16. Bf4 e5 17. Nxd6 Rxd6 18. Nxe5 {0-1 (32) Anand,V (2786)-Nepomniachtchi,I (2751) Zuerich 2017}) 6... Nxd6 7. Nc3 Bg4 8. h3 Bh5 {LiveBook: 4 Games} 9. Qd5 Bg6 ({Better is} 9... Bxf3 $1 $14 10. Qxf3 e6) 10. Be2 $146 (10. Qb3 $16) ({Predecessor:} 10. Qb3 Qa5 11. O-O-O Qb4 12. Nb5 Qxb3 13. Nxd6+ exd6 14. axb3 {½-½ (56) Druska,J (2448)-Nayhebaver,M (2440) Slovakia 2017}) 10... e6 11. Qb3 Be7 12. O-O-O Qa5 $2 {[#]} (12... Qc8 $14) 13. h4 $2 (13. Rxd6 $1 $18 {[%mdl 512]} Bxd6 14. Qxb7) 13... h6 $2 {[#]} (13... O-O $14) 14. Nd4 $2 (14. h5 $1 $18 {[%mdl 512]} Bh7 (14... Bxh5 15. Rxd6) 15. Rxd6 $1 {[%mdl 512]} Bxd6 16. Qxb7) 14... Nxd4 (14... O-O $11) 15. Rxd4 $14 O-O 16. g4 Rfd8 17. h5 Bh7 18. Rhd1 Rac8 19. f4 (19. Qb4 $14 Qxb4 20. Rxb4) 19... b5 $11 20. a3 Nc4 (20... Qb6 $11) 21. Rxd8+ Bxd8 22. Bxc4 $1 bxc4 23. Qb7 Qc7 24. Qxa7 Qxa7 25. Bxa7 Ba5 (25... f5 $142) 26. Na4 Be4 27. Bb6 Bf3 28. Rg1 ({Much weaker is} 28. Bxa5 Bxd1 29. Kxd1 Ra8 $15) 28... Bxb6 29. Nxb6 $16 {[%mdl 4096] Endgame KRB-KRN} Rc6 30. Nd7 f6 31. Rg3 (31. Kd2 $16) 31... Bd5 {[#]} (31... Bh1 $11) 32. g5 $1 {[%cal Rg5f6]} Rd6 33. Nc5 {gxh6 is the strong threat.} hxg5 34. fxg5 f5 35. Rg1 Bf3 36. Re1 e5 37. a4 e4 38. c3 ({Don't blunder} 38. a5 $2 e3 $19) (38. b3 $11 {keeps the balance.}) 38... Bxh5 $17 39. a5 Rc6 40. b4 {And now a6 would win.} cxb3 $1 41. Nxb3 Rxc3+ 42. Kb2 Rc8 43. a6 Bf7 ({Black should try} 43... Bg6 $17) 44. a7 Bd5 45. Rd1 Ba8 46. Rd7 Kh7 47. Nd4 $132 {[%mdl 2048] White is not keeping still} Kg6 48. Ne6 e3 {Black wants to play ...Re8.} 49. Rxg7+ Kh5 {Strongly threatening ...Kg4.} 50. Re7 $1 Kg4 {White must now prevent ...f4.} 51. g6 $1 {[%cal Rg6g7]} Be4 52. Nd4 Kg5 53. g7 Kf6 54. Rc7 Rg8 55. Kc3 f4 {[%cal Bf5f4,Bf4f3,Bf3f2][%mdl 32] Threatens to win with ...f3.} 56. Nc2 (56. Ne2 $2 f3 $19) 56... Bxc2 57. Kxc2 $11 {KR-KR} f3 58. Kd1 Rd8+ (58... Re8 $5 59. Ke1 $8 Ra8 $11) 59. Ke1 f2+ 60. Ke2 Rd1 $2 {[%mdl 8192] [#]} (60... Rd2+ $11 61. Kxe3 f1=Q 62. Rf7+ (62. g8=N+ Ke6 $11) 62... Kxf7 63. g8=Q+ Kxg8 64. a8=Q+ Kg7 65. Qa7+ Kf6 66. Kxd2 Qg2+ 67. Kc3 Qf3+ 68. Kb4 Qf4+ 69. Kc3 Qg3+ 70. Kc2 Qe5) 61. Rf7+ $1 {[%mdl 512] White mates.} Kxf7 {[#]} 62. g8=Q+ $1 {[%mdl 512]} Kxg8 63. a8=Q+ Kh7 64. Qe4+ Kh8 65. Qh4+ Kg7 66. Qg3+ {Precision: White = 57%, Black = 54%.} 1-0

[Event "CAT-chT Honor Division 2019"]
[Site "Catalonia"]
[Date "2019.03.02"]
[Round "7.5"]
[White "Estrada Nieto, Julian"]
[Black "Masague Artero, Guerau"]
[Result "1-0"]
[WhiteElo "2264"]
[BlackElo "2254"]
[Annotator "TA"]
[PlyCount "87"]
[EventDate "2019.01.16"]
[EventType "team-tourn"]
[EventCountry "ESP"]
[SourceTitle "playchess.com"]
[Source "ChessBase"]
[SourceQuality "1"]
[WhiteTeam "Escola Salou"]
[BlackTeam "Lleida"]

{[%evp 25,86,12,44,16,60,7,6,0,10,0,12,-7,-25,-12,0,-14,0,-81,-37,-56,-19,-18,0,0,0,0,0,0,0,0,0,-23,40,15,65,61,71,0,11,0,56,0,151,127,235,231,225,137,133,0,281,287,373,375,853,853,891,891,29996,29997,29997,29998,29999]} 1. e4 c5 2. Nf3 Nc6 3. Bb5 g6 4. Bxc6 dxc6 5. d3 Bg7 6. h3 Nf6 7. Nc3 O-O 8. Be3 b6 9. Qd2 e5 10. Bh6 {B31: Sicilian: 2...Nc6 3 Bb5 g6} Qd6 11. Bxg7 Kxg7 12. O-O (12. a4 Ne8 13. Nh2 Nc7 14. Ng4 f6 15. f3 Ne6 16. h4 Nd4 17. h5 g5 {½-½ (54) Anand,V (2768)-Carlsen,M (2842) Saint Louis 2018}) 12... Nh5 13. Ne2 f6 {LiveBook: 9 Games} 14. a3 a5 {[#]} 15. Qe3 $146 (15. g4 $14) ({Predecessor:} 15. Nh2 Be6 16. Kh1 Rad8 17. b3 a4 18. bxa4 {½-½ (33) Naiditsch,A (2678)-Reinderman,D (2543) Beijing 2008}) 15... Be6 $11 16. c3 Nf4 17. Rfd1 Rfe8 18. d4 {Threatening dxe5.} Nxe2+ 19. Qxe2 {Hoping for dxe5.} exd4 20. cxd4 Bd5 21. e5 (21. dxc5 $11 {keeps the balance.} Qxc5 22. Nd2) 21... fxe5 22. dxe5 Qf8 23. Rd3 Rad8 24. Re3 Qf4 25. Re1 Re7 26. Nh2 h5 27. Nf3 c4 28. Qc2 Rf8 ({Better is} 28... Bxf3 $11 29. Rxf3 Qd2 30. Qxd2 Rxd2) 29. R1e2 b5 30. Qc3 $1 a4 31. Qb4 (31. e6+ $16 Kh6 32. Nd4) 31... Re6 32. Qc3 Kh7 (32... Re7 $11) 33. h4 (33. Nd4 $1 $14 Re7 34. g3) 33... Kg7 $2 {[#]} (33... Bxf3 $1 $11 34. Rxf3 Qg4) 34. Ng5 $36 {[%mdl 2048] White is in control.} Qxh4 (34... Re7 $16 {is a better defense.}) 35. Nxe6+ $18 Bxe6 36. Re4 Qg5 37. Qe3 (37. Rd2 $16) 37... Qf5 $2 {[%mdl 8192] [#]} (37... Qxe3 $11 {and Black has nothing to worry.} 38. R2xe3 (38. R4xe3 Rd8 $14) 38... Rd8) 38. Rd4 $1 Bd5 39. e6 Re8 $2 (39... g5 40. Qg3 Qb1+ 41. Kh2 Qg6) 40. Rf4 Qb1+ 41. Re1 Qxb2 42. Rf7+ {White mates.} Kg8 43. Qh6 {[%csl Gf7][%cal Rh6h7]} Be4 44. Qh7# {Precision: White = 39%, Black = 20%.} 1-0